| 000 | 00769cam a22002291 4500 | ||
|---|---|---|---|
| 001 | he 68000899 | ||
| 003 | DLC | ||
| 005 | 20260227111456.0 | ||
| 008 | 830707s1955 is 000 0 heb | ||
| 010 | _ahe 68000899 | ||
| 035 | _a(OCoLC)19158250 | ||
| 040 |
_aDLC _cMH _dDLC |
||
| 042 | _apremarc | ||
| 050 | 0 | 0 |
_aBM755.U72 _bD6 |
| 100 | 2 |
_aDon-Yaḥia, Shabbetai, _d1909-1981. |
|
| 245 | 1 | 3 |
_aha-Rav Ben-Tsiyon Meʼir Ḥai ʻUziʼel : _bḥayaṿ u-mishnato. |
| 260 |
_aJerusalem : _bha-Mador ha-dati ba-Maḥlaḳah le-ʻinyene ha-noʻar ṿehe-ḥaluts shel ha-Histadrut ha-Tsiyonit, _c715 [1955] |
||
| 300 |
_a252 p. : _bill., ports. ; _c20 cm. |
||
| 490 | 0 |
_aDemuyot ; _v10 |
|
| 600 | 1 | 0 |
_aOuziel, Ben-Zion Meir Ḥai, _d1880-1953. |
| 752 |
_aIsrael _dJerusalem |
||
| 999 |
_c33139 _d33139 |
||